000 00496nam a2200181Ia 4500
001 2321
005 20260306144758.0
008 260306t2010||||xx |||||||||||||| ||spa||
041 _aESP
082 _a616.8589
_bV63
100 _aVidarte Claros, José Armando
_eAUT
245 0 _aTDAH y motricidad:
_bperfil psicomotor de los niños diagnosticados clínicamente con TDAH
260 _c2010
300 _a188 páginas :
_c24 cm.
650 _aGEN
654 _aCPS
942 _cLIB
_dJUS
_fJUS
_2ddc
_n
999 _c2321
_d2321